It looks like you're offline.
Open Library logo
additional options menu

MARC record from Internet Archive

LEADER: 00837cam a2200241 a 4500
001 95000609
003 DLC
005 19970220092738.9
008 950605s1996 nyua b 001 0 eng
010 $a 95000609
020 $a1563962586
040 $aDLC$cDLC$dDLC
043 $ae-gx---
050 00 $aQC773.3.G3$bB47 1995
082 00 $a355.8/25119/092243$aB$220
100 1 $aBernstein, Jeremy,$d1929-
245 10 $aHitler's uranium club :$bthe secret recordings at Farm Hall /$cby Jeremy Bernstein ; introduction by David Cassidy.
260 $aWoodbury, N.Y. :$bAIP Press,$cc1996.
300 $axxx, 427 p. :$bill. ;$c24 cm.
504 $aIncludes bibliographical references (p. 403-407) and index.
650 0 $aAtomic bomb$zGermany$xHistory.
650 0 $aNuclear weapons$zGermany$xHistory.
650 0 $aScientists$zGermany$xCorrespondence